| Поле | Название | Значение |
| |
Тип записи |
a |
| |
Библиографический уровень |
m |
| 001 |
Контрольный номер |
RU/ГПНТБ России/EK/88.252.112/П 16-719191303 |
| 005 |
Дата корректировки |
20260409071620.2 |
| 010 |
Индекс ISBN |
__ |
| a |
ISBN |
978-5-222-38676-7 |
| b |
Уточнения |
в пер. |
| 9 |
Тираж |
2500 |
| d |
Цена |
617-76 |
| 100 |
Данные общей обработки |
__ |
| a |
Данные общей обработки |
20251027d2023 m y0rusy0289 ca |
| 101 |
Язык документа |
0_ |
| a |
Язык текста |
rus |
| 102 |
Страна публикации |
__ |
| a |
Страна публикации |
RU |
| 105 |
Кодированные данные (монография) |
__ |
| a |
Кодированные данные (монография) |
y zz 000yy |
| 181 |
Поле кодированных данных: вид содержания |
_0 |
| a |
Код вида содержания (ISBD) |
i |
| 182 |
Поле кодированных данных: тип средства |
_0 |
| a |
Код типа средства (ISBD) |
n |
| 200 |
Заглавие и сведения об ответственности |
1_ |
| a |
Заглавие |
Успокаивает не ромашка |
| e |
Сведения, относящиеся к заглавию |
как победить тревогу и обрести гармонию |
| e |
Сведения, относящиеся к заглавию |
[страхи и желания, принятие личной силы, работа со страхами, духовное освобождение] |
| f |
Первые сведения об ответственности |
Мелина Пану |
| 210 |
Выходные данные |
1_ |
| a |
Место издания |
Ростов-на-Дону |
| c |
Издательство |
Феникс |
| d |
Дата издания |
2023 |
| 215 |
Физическое описание |
__ |
| a |
Объем |
182, [1] с. |
| d |
Формат |
22 см |
| 225 |
Серия (Журнальная рубрика) |
2_ |
| a |
Серия (Журнальная рубрика) |
Серия "Пора к психологу" |
| 330 |
Аннотация |
__ |
| a |
Аннотация |
Клиенты автора этой книги радикально меняют свою жизнь: меняют работу, отправляют детей учиться за границу, начинают общение с новыми людьми, высказывают свои взгляды, путешествуют на самолетах, посещают многолюдные места, инвестируют средства и берутся за большие проекты и захватывающие приключения. Это происходит потому, что они преодолевают свои страхи. В книге собраны самые важные советы и рекомендации, которые помогли этим людям. |
| 333 |
Примечание о целевом назначении |
__ |
| a |
Примечание о целевом назначении |
16+ |
| 606 |
Тематические рубрики |
__ |
| a |
Основная рубрика |
Психология |
| 606 |
Тематические рубрики |
__ |
| a |
Основная рубрика |
Психические процессы |
| 610 |
Ключевые слова |
0_ |
| a |
Ключевые слова |
авторские методики |
| a |
Ключевые слова |
популярная психология |
| a |
Ключевые слова |
внутренняя гармония |
| a |
Ключевые слова |
душевное равновесие |
| a |
Ключевые слова |
самосовершенствование |
| a |
Ключевые слова |
тревожность |
| a |
Ключевые слова |
саморазвитие |
| a |
Ключевые слова |
самовоспитание |
| a |
Ключевые слова |
личностный рост |
| a |
Ключевые слова |
страх (психология) |
| 686 |
Индексы других классификаций |
__ |
| 2 |
Код системы |
rubbk |
| a |
Индекс ББК |
88.25 |
| 700 |
Автор |
_1 |
| a |
Фамилия |
Пану |
| b |
Имя |
М. И. |
| g |
Полное личное имя |
Мелина Ильинична |
| 4 |
Код отношения |
070 |
| 801 |
Источник записи |
_0 |
| b |
Организация |
ГПНТБ России |
| a |
Страна |
RU |
| c |
Дата составления |
20251027 |
| 801 |
Источник записи |
_1 |
| b |
Организация |
ГПНТБ России |
| a |
Страна |
RU |
| c |
Дата составления |
20251027 |
| 801 |
Источник записи |
_2 |
| a |
Страна |
RU |
| b |
Организация |
Центральная районная библиотека им. Г. А. Пирожникова |
| c |
Дата составления |
20251027 |
| g |
Правила каталогизации |
bzbo |
| 852 |
Данные о местонахождении |
__ |
| j |
Шифр хранения |
88.25 |
| i |
Авторский знак |
П 166 |
| 901 |
Тип документа |
__ |
| t |
Тип документа |
m |
| 902 |
Роль лиц |
__ |
| b |
Редактор БЗ |
ОКиО/Шумских |
| 996 |
Издания ограниченного доступа |
__ |
| a |
Обозначение документа (признак издания) |
Наркотические средства |
| b |
Текстовое указание |
[!НСПВ] Незаконное потребление наркотических средств, психотропных веществ, их аналогов причиняет вред здоровью, их незаконный оборот запрещен и влечет установленную законодательством ответственность |